000 00461nam a2200181Ia 4500
001 21503
005 20260306172924.0
008 260306t2016||||xx |||||||||||||| ||spa||
041 _aESP
082 _a345.111
_bP42
100 _aPeña Cabrera Freyre, Alonso Raúl
_eAUT
245 0 _aEl ministerio público en el sistema acusatorio
260 _c2016
300 _a346 páginas :
_c25 cm.
650 _aGEN
654 _aCDE
942 _cLIB
_dJUS
_fJUS
_2ddc
_n
999 _c21503
_d21503